| 000 | 00919cgm a2200253 4500 | ||
|---|---|---|---|
| 001 | B3142 | ||
| 008 | 090401t1990 xxu||||| |||| 00| 0 eng d | ||
| 035 | _a(Sirsi) u54268 | ||
| 041 | _aeng | ||
| 050 | _a333.0023 | ||
| 100 | _aEdge, Joanna | ||
| 245 | _aCPD and all that! (sound recording) | ||
| 260 |
_aLondon _bRoyal Institution of Chartered Surveyors _c1990 |
||
| 300 | _a1 sound cassette (60 min.) | ||
| 350 | _a10 | ||
| 490 | _aOwlion Audio Programme | ||
| 520 | _aPublished jointly with the College of Estate Management . CPS, compulsory for all Chartered Surveyors from 1st January 1991 is explained in practical terms by representatives of the CPD Sub-Committee of the RICS`s Education and Membership Committee. | ||
| 650 | _aAUDIO CASSETTES | ||
| 650 | _aABOUT RICS-RICS MEMBERS | ||
| 650 | _aCONTINUING PROFESSIONAL DEVELOPMENT | ||
| 700 | _aVine, Dennis | ||
| 942 | _n0 | ||
| 948 | _c04/03/1997 | ||
| 999 |
_c85281 _d85281 |
||